[Event "JUNIOR WORLD CHESS CHAMPIONSHI"]
[Site "Puerto Madryn, Argentina"]
[Date "2009.10.25"]
[Round "5.19"]
[White "Reginato, Sabrina"]
[Black "Martinez, Janine"]
[Result "0-1"]
[WhiteElo "1880"]
[BlackElo "1948"]
[PlyCount "98"]
[EventDate "2009.10.22"]

1. d4 Nf6 2. Nf3 c5 3. e3 g6 4. c4 Bg7 5. Nc3 cxd4 6. exd4 O-O 7. Bd3 d5 8. h3
dxc4 9. Bxc4 Bf5 10. O-O Nc6 11. a3 Rc8 12. Re1 Kh8 13. Ba2 Na5 14. Qe2 Qb6 15.
Qxe7 Rce8 16. Qc5 Rxe1+ 17. Nxe1 Nd7 18. Qxb6 Nxb6 19. Nf3 Kg8 20. Nb5 Be4 21.
Ne5 Nc6 22. f4 Bd5 23. Be3 Rd8 24. Nxc6 Bxc6 25. Nxa7 Be8 26. d5 Na4 27. Rd1
Bxb2 28. Bb3 Bxa3 29. Ra1 Bc5 30. Kf2 Bxe3+ 31. Kxe3 Nc3 32. Kd4 Ne2+ 33. Ke3
Ng3 34. Ra5 Nf5+ 35. Kd3 Nd6 36. Bc4 Kg7 37. Rc5 Ra8 38. Nb5 b6 39. Nxd6 bxc5
40. Nxe8+ Rxe8 41. Bb5 Re1 42. Bc6 Kf6 43. Kd2 Re4 44. Kd3 Rxf4 45. Ke3 Rd4 46.
Bb7 Ke5 47. Bc6 c4 48. Ba4 Rxd5 49. Bc2 c3 0-1

[Event "JUNIOR WORLD CHESS CHAMPIONSHI"]
[Site "Puerto Madryn, Argentina"]
[Date "2009.10.25"]
[Round "5"]
[White "Bucar, Natasa"]
[Black "Hattingh, Angelique"]
[Result "1-0"]
[WhiteElo "1972"]
[BlackElo "1790"]

1.e4 c5 2.Nf3 d6 3.d4 cxd4 4.Nxd4 Nf6 5.Nc3 g6 6.Be3 Bg7 7.f3 O-O 8.Qd2 Nc6 9.O-O-O
Bd7 10.g4 a6 11.h4 h5 12.gxh5 Nxh5 13.Rg1 Re8 14.Nxc6 bxc6 15.Bc4 Kf8 16.Bh6 Qb6 17.Qg5
e6 18.Rxd6 Ra7 19.Rgd1 Bc8 20.Rd8 Rb7 21.Na4 Qc7 22.Bxg7+ Nxg7 23.Nc5 Ra7 24.Qf6
Qe7 25.Rxe8+ Kxe8 26.Qxg7 Qxc5 27.Qg8+ Qf8 28.Rd8+ Kxd8 29.Qxf8+ Kc7 30.Qxf7+
Kb8 31.Qxg6  1-0

[Event "JUNIOR WORLD CHESS CHAMPIONSHI"]
[Site "Puerto Madryn, Argentina"]
[Date "2009.10.25"]
[Round "5"]
[White "Martinez De Negri, M  Agustina"]
[Black "De Leon, Patricia"]
[Result "1-0"]
[WhiteElo "1945"]
[BlackElo "1741"]

1.d4 d5 2.Nf3 e6 3.Bf4 Nf6 4.h3 c5 5.e3 Qb6 6.Qc1 Nc6 7.c3 Bd7 8.Na3 a6 9.Nc2 Rc8
10.g4 cxd4 11.exd4 Na5 12.Ne5 Bb5 13.Bg2 Nc4 14.a4 Bc6 15.Nxc4 dxc4 16.f3 Be7 17.Ne3 Bd5
18.Nxd5 Nxd5 19.Bg3 O-O 20.O-O Bd6 21.Bxd6 Qxd6 22.f4 Rfe8 23.Qd2 Rcd8 24.Rae1
b6 25.Qf2 Rb8 26.Qf3 Rbd8 27.Re5 f6 28.Re4 Qd7 29.Qe2 b5 30.axb5 axb5 31.f5 Nc7
32.fxe6 Rxe6 33.Rxe6 Qxe6 34.Qxe6+ Nxe6 35.Rf5 Nc7 36.Rc5 Rd7 37.Bc6 Re7 38.Kf2
b4 39.cxb4 Kf8 40.Rxc4  1-0

[Event "JUNIOR WORLD CHESS CHAMPIONSHI"]
[Site "Puerto Madryn, Argentina"]
[Date "2009.10.26"]
[Round "6.11"]
[White "Amed, Stephanie"]
[Black "Gomes, Mary Ann"]
[Result "1-0"]
[WhiteElo "2159"]
[BlackElo "2396"]
[PlyCount "43"]
[EventDate "2009.10.22"]

1. e4 c5 2. Nf3 d6 3. d4 cxd4 4. Nxd4 Nf6 5. Nc3 a6 6. a4 Nc6 7. Nb3 b6 8. Bd3
e5 9. O-O Be6 10. f4 exf4 11. Bxf4 Be7 12. Nd5 Bxd5 13. exd5 Nb4 14. Be2 Rb8
15. Bf3 Qc7 16. c3 Qc4 17. Be2 Qxd5 18. cxb4 Qe4 19. Qd2 Qb7 20. Bf3 Qd7 21.
Nd4 O-O 22. Nc6 1-0

[Event "JUNIOR WORLD CHESS CHAMPIONSHI"]
[Site "Puerto Madryn, Argentina"]
[Date "2009.10.26"]
[Round "6.16"]
[White "Martinez, Janine"]
[Black "Colombo, Camila"]
[Result "0-1"]
[WhiteElo "1948"]
[BlackElo "2129"]
[PlyCount "76"]
[EventDate "2009.10.22"]

1. d4 Nf6 2. Nf3 g6 3. Bg5 Bg7 4. e3 O-O 5. Be2 b6 6. O-O Bb7 7. c4 Ne4 8. Qc2
Nxg5 9. Nxg5 Nc6 10. f4 e6 11. Nc3 d5 12. a3 Ne7 13. Bf3 h6 14. Nh3 Nf5 15. Qf2
c6 16. cxd5 cxd5 17. g4 Nd6 18. Bh1 Rc8 19. Qg3 Ba6 20. Rf2 Bc4 21. Rd1 Bb3 22.
Rdd2 b5 23. Rf1 a5 24. Rdf2 b4 25. axb4 axb4 26. Ne2 Bc2 27. f5 gxf5 28. g5 f4
29. Rxf4 h5 30. Qf2 Bf5 31. Bg2 Rc2 32. Kh1 Bg4 33. Nhg1 Qxg5 34. Qg3 Nf5 35.
Rxf5 exf5 36. h3 h4 37. Qf4 Qh5 38. hxg4 fxg4 0-1

[Event "JUNIOR WORLD CHESS CHAMPIONSHI"]
[Site "Puerto Madryn, Argentina"]
[Date "2009.10.26"]
[Round "6.21"]
[White "Anton, Sarah"]
[Black "Jorquera Cabello, Valentina"]
[Result "0-1"]
[WhiteElo "1820"]
[BlackElo "1997"]
[PlyCount "66"]
[EventDate "2009.10.22"]

1. e4 c5 2. Nf3 Nc6 3. d4 cxd4 4. Nxd4 Nf6 5. Nc3 e5 6. Ndb5 d6 7. Bg5 a6 8.
Na3 b5 9. Nd5 Be7 10. Bxf6 Bxf6 11. c3 O-O 12. Nc2 Bg5 13. a4 bxa4 14. Rxa4 a5
15. Bc4 Rb8 16. b3 Be6 17. Nce3 Kh8 18. O-O f5 19. exf5 Bxd5 20. Qxd5 Ne7 21.
Qxa5 Bxe3 22. fxe3 d5 23. Bb5 Qd6 24. e4 Qc5+ 25. Kh1 Rxb5 26. Qa6 Rxb3 27. f6
gxf6 28. exd5 Nxd5 29. h3 Rxc3 30. Rh4 Nf4 31. Qb7 Qc7 32. Qb4 Rg8 33. Rh6 Qg7
0-1

[Event "JUNIOR WORLD CHESS CHAMPIONSHI"]
[Site "Puerto Madryn, Argentina"]
[Date "2009.10.26"]
[Round "6.3"]
[White "Paulet, Iozefina"]
[Black "Hayrapetyan, Anna"]
[Result "1/2-1/2"]
[WhiteElo "2342"]
[BlackElo "2212"]
[PlyCount "130"]
[EventDate "2009.10.22"]

1. e4 c5 2. Nf3 d6 3. d4 cxd4 4. Nxd4 Nf6 5. Nc3 g6 6. Be2 Bg7 7. Be3 O-O 8.
O-O Nc6 9. Nb3 Be6 10. f4 Rc8 11. f5 Bxb3 12. axb3 a6 13. Qe1 Ne5 14. Qh4 Rc6
15. Bf4 b5 16. Bxe5 dxe5 17. Bd3 Rd6 18. g4 b4 19. Nd1 Rxd3 20. cxd3 Qxd3 21.
Nf2 Qxb3 22. Rab1 Qe3 23. Qg3 Qb6 24. Kg2 Qb7 25. Qf3 Bh6 26. h4 Bf4 27. Rbe1
Rc8 28. Re2 b3 29. Nd3 Rc4 30. Nxf4 exf4 31. fxg6 hxg6 32. Qxf4 Rc2 33. Rff2
Rxe2 34. Rxe2 a5 35. Kf3 a4 36. Qe5 Qd7 37. Qf4 Qd1 38. Kf2 Qh1 39. Kg3 Qg1+
40. Kh3 Qh1+ 41. Kg3 Kg7 42. Qf3 Qg1+ 43. Kh3 Qd1 44. g5 Nh5 45. Rf2 Qd7+ 46.
Kg2 e5 47. Kh2 Qe6 48. Qc3 Kh7 49. Qc7 Nf4 50. Rf3 a3 51. bxa3 b2 52. Qc2 Qa2
53. Rf2 Qxa3 54. Qxb2 Qh3+ 55. Kg1 Qg3+ 56. Kh1 Qh3+ 57. Kg1 Qe3 58. Kh2 Qxe4
59. Qc3 Kg7 60. Qf3 Qc4 61. Rf1 Qe6 62. Qe3 Kh7 63. Rf2 Qd5 64. Rxf4 exf4 65.
Qxf4 Qa2+ 1/2-1/2

[Event "JUNIOR WORLD CHESS CHAMPIONSHI"]
[Site "Puerto Madryn, Argentina"]
[Date "2009.10.26"]
[Round "6.6"]
[White "Steil-Antoni, Fiona"]
[Black "Kalinina, Olga"]
[Result "1/2-1/2"]
[WhiteElo "2152"]
[BlackElo "2229"]
[PlyCount "111"]
[EventDate "2009.10.22"]

1. e4 c5 2. Nf3 e6 3. d4 cxd4 4. Nxd4 a6 5. Nc3 Qc7 6. Bd3 Nf6 7. O-O Bc5 8.
Nb3 Be7 9. f4 d6 10. a4 b6 11. e5 Nfd7 12. exd6 Bxd6 13. Ne4 Be7 14. f5 e5 15.
Qg4 Kf8 16. Rf3 h5 17. Qg3 Nf6 18. Nxf6 Bxf6 19. Be4 Bb7 20. Rc3 Qd7 21. Qf3
Ra7 22. Be3 Bxe4 23. Qxe4 Rc7 24. Rxc7 Qxc7 25. Qb4+ Kg8 26. Qxb6 Qc8 27. Nc5
Kh7 28. Qb7 Qxf5 29. Qxf7 Qxc2 30. Qxh5+ Kg8 31. Qd1 Qxd1+ 32. Rxd1 Rh4 33. Rd3
Be7 34. Rb3 Nc6 35. Rb6 Nd4 36. Nxa6 Nf5 37. Bc5 Rxa4 38. Bxe7 Nxe7 39. Nc5 Rc4
40. Nd3 Nc6 41. Kf2 e4 42. Ne1 Ne7 43. g3 Nd5 44. Rb7 Rd4 45. Ke2 Rc4 46. Rd7
Nf6 47. Rd2 Kf7 48. b3 Rc3 49. Rb2 Nd5 50. b4 Ke6 51. b5 Nb6 52. Rc2 Nd5 53.
Rb2 Nb6 54. Ng2 Ke5 55. Ne1 g5 56. Rc2 1/2-1/2

[Event "JUNIOR WORLD CHESS CHAMPIONSHI"]
[Site "Puerto Madryn, Argentina"]
[Date "2009.10.26"]
[Round "6.7"]
[White "Daulyte, Deimante"]
[Black "Tjolsen, Katrine"]
[Result "0-1"]
[WhiteElo "2307"]
[BlackElo "2178"]
[PlyCount "99"]
[EventDate "2009.10.22"]

1. e4 c6 2. d4 d5 3. Nd2 dxe4 4. Nxe4 Nd7 5. Nf3 Ngf6 6. Ng3 e6 7. Bd3 Bd6 8.
O-O O-O 9. Re1 c5 10. c3 b6 11. Ne4 Be7 12. Qe2 Bb7 13. Neg5 cxd4 14. Nxe6 fxe6
15. Qxe6+ Kh8 16. Qxe7 Nc5 17. Bc4 dxc3 18. bxc3 Nfe4 19. Bg5 Qc8 20. Be3 Re8
21. Qh4 Qf5 22. Bd4 Qg6 23. Ne5 Rxe5 24. Bxe5 Nd2 25. Qg3 Qxg3 26. Bxg3 Nxc4
27. Re7 h6 28. Rae1 Kg8 29. Rc7 Rd8 30. f3 Rd7 31. Re7 Rxc7 32. Rxc7 a5 33. Bf2
Bd5 34. Bxc5 bxc5 35. Rxc5 Be6 36. a4 Kf7 37. Kf2 Ke7 38. Rc7+ Kd6 39. Rxg7 Bd7
40. Rg6+ Kc5 41. Rxh6 Bxa4 42. g4 Bb3 43. Rh5+ Kb6 44. Rh6+ Kc5 45. Rh5+ Kb6
46. Rh6+ Kc5 47. Re6 a4 48. g5 a3 49. h4 Bc2 50. Ra6 0-1

[Event "JUNIOR WORLD CHESS CHAMPIONSHI"]
[Site "Puerto Madryn, Argentina"]
[Date "2009.10.26"]
[Round "6.8"]
[White "Ivakhinova, Inna"]
[Black "Soumya, Swaminathan"]
[Result "0-1"]
[WhiteElo "2249"]
[BlackElo "2297"]
[PlyCount "112"]
[EventDate "2009.10.22"]

1. e4 c5 2. Nf3 Nc6 3. d4 cxd4 4. Nxd4 Qb6 5. Nb3 Nf6 6. Nc3 e6 7. Qe2 Bb4 8.
Bd2 O-O 9. O-O-O d5 10. exd5 Bxc3 11. Be3 Nd4 12. Bxd4 Bxd4 13. Rxd4 Nxd5 14.
h4 a5 15. Qb5 Qc7 16. Qc5 Qe5 17. Bb5 b6 18. Qc4 Bb7 19. Qe2 Qf6 20. Rhd1 Rfd8
21. f3 a4 22. Na1 a3 23. Nb3 axb2+ 24. Kxb2 Rdc8 25. Qd2 Nc3 26. a4 Nxd1+ 27.
Qxd1 Bc6 28. c3 Bxb5 29. axb5 Qe7 30. g3 Qa3+ 31. Kc2 Qa2+ 32. Kd3 e5 33. Rd5
f5 34. c4 Qa4 35. Qc2 Rd8 36. Rxd8+ Rxd8+ 37. Kc3 g6 38. Qe2 Qa8 39. Qxe5 Qxf3+
40. Kb4 Qe4 41. Qc7 Qe1+ 42. Ka3 Ra8+ 43. Kb2 Qf2+ 44. Kc3 Qe3+ 45. Kb2 Qe6 46.
Kc3 Rc8 47. Qf4 Qe1+ 48. Kc2 Qe4+ 49. Qxe4 fxe4 50. Kc3 e3 51. Nd4 Kf8 52. Ne2
Kf7 53. Nf4 h6 54. g4 g5 55. hxg5 hxg5 56. Nd5 Ke8 0-1

[Event "JUNIOR WORLD CHESS CHAMPIONSHI"]
[Site "Puerto Madryn, Argentina"]
[Date "2009.10.26"]
[Round "6.9"]
[White "Paikidze, Nazi"]
[Black "Congiu, Mathilde"]
[Result "1-0"]
[WhiteElo "2279"]
[BlackElo "2149"]
[PlyCount "65"]
[EventDate "2009.10.22"]

1. d4 d5 2. Nf3 Nf6 3. e3 Bg4 4. c4 e6 5. h3 Bxf3 6. Qxf3 c6 7. Nc3 Nbd7 8. Bd3
Bd6 9. O-O O-O 10. e4 e5 11. exd5 exd4 12. Ne4 Ne5 13. Nxf6+ Qxf6 14. Qxf6 gxf6
15. Rd1 Kg7 16. Bf1 Bc5 17. dxc6 Nxc6 18. b3 Rad8 19. a3 a5 20. Bb2 Rd7 21. Rd2
Rfd8 22. Rad1 Ne5 23. b4 axb4 24. axb4 Bxb4 25. Rxd4 Rxd4 26. Rxd4 Ra8 27. Rd5
Ra2 28. Bd4 h6 29. Rb5 Nc6 30. Be3 Bf8 31. Rxb7 Rc2 32. Rb1 Rc3 33. Rb5 1-0

[Event "JUNIOR WORLD CHESS CHAMPIONSHI"]
[Site "Puerto Madryn, Argentina"]
[Date "2009.10.26"]
[Round "6.10"]
[White "Kiran, Manisha Mohanty"]
[Black "Fernandez, Maria Florencia"]
[Result "1-0"]
[WhiteElo "2153"]
[BlackElo "2159"]
[PlyCount "60"]
[EventDate "2009.10.22"]

1. e4 c5 2. Nf3 d6 3. d4 cxd4 4. Nxd4 Nf6 5. Nc3 g6 6. Be3 Bg7 7. f3 O-O 8. Qd2
Nc6 9. O-O-O d5 10. exd5 Nxd5 11. Nxc6 bxc6 12. Bd4 Nxc3 13. Qxc3 Bh6+ 14. Be3
Bxe3+ 15. Qxe3 Qb6 16. Qxe7 Be6 17. Qa3 Rad8 18. Bd3 Rd5 19. Qc3 Rc5 20. Qd4
Rd8 21. Qf6 Rcd5 22. Rde1 R5d6 23. Qc3 Bxa2 24. h4 Qd4 25. Qxd4 Rxd4 26. h5 Kg7
27. hxg6 hxg6 28. Re7 R8d7 29. Re5 c5 30. Bb5 Rb7 1-0

[Event "JUNIOR WORLD CHESS CHAMPIONSHI"]
[Site "Puerto Madryn, Argentina"]
[Date "2009.10.26"]
[Round "6.12"]
[White "Greeff, Melissa"]
[Black "Umudova, Nargiz"]
[Result "1/2-1/2"]
[WhiteElo "2081"]
[BlackElo "2254"]
[PlyCount "51"]
[EventDate "2009.10.22"]

1. e4 c5 2. Nf3 Nc6 3. d4 cxd4 4. Nxd4 Nf6 5. Nc3 e5 6. Ndb5 d6 7. Bg5 a6 8.
Na3 b5 9. Nd5 Be7 10. Bxf6 Bxf6 11. c3 Bg5 12. Nc2 O-O 13. a4 bxa4 14. Rxa4 a5
15. Bc4 Bd7 16. Ra2 a4 17. Nce3 Na5 18. Bd3 Nb3 19. Bc2 Nc5 20. Nc4 Bb5 21.
Ncb6 Rb8 22. Nxa4 Bc4 23. Ra3 Nxa4 24. Rxa4 Bxd5 25. Qxd5 Rxb2 26. Ra2 1/2-1/2

[Event "JUNIOR WORLD CHESS CHAMPIONSHI"]
[Site "Puerto Madryn, Argentina"]
[Date "2009.10.26"]
[Round "6.13"]
[White "Harini, Sankaran"]
[Black "Herrera, Milena"]
[Result "0-1"]
[WhiteElo "2109"]
[BlackElo "2141"]
[PlyCount "70"]
[EventDate "2009.10.22"]

1. e4 c5 2. Nf3 e6 3. d4 cxd4 4. Nxd4 Nf6 5. Nc3 Bb4 6. Bd3 Nc6 7. Nxc6 dxc6 8.
O-O e5 9. a3 Bc5 10. Kh1 Ng4 11. Qf3 Qh4 12. Qg3 Nxf2+ 13. Rxf2 Qxg3 14. hxg3
Bxf2 15. Kh2 h5 16. Bg5 f6 17. Rf1 Bd4 18. Bd2 h4 19. gxh4 Rxh4+ 20. Kg3 Rg4+
21. Kh2 Bxc3 22. Bxc3 Be6 23. b4 O-O-O 24. Rf3 Rh8+ 25. Kg1 Rgh4 26. Be1 Rh1+
27. Kf2 Rf8 28. a4 Bg4 29. Rg3 f5 30. exf5 Rh4 31. Ke3 e4 32. Bxe4 Re8 33. Kd3
Be2+ 34. Kxe2 Rhxe4+ 35. Kf2 Rxe1 0-1

[Event "JUNIOR WORLD CHESS CHAMPIONSHI"]
[Site "Puerto Madryn, Argentina"]
[Date "2009.10.26"]
[Round "6.14"]
[White "Heredia Serrano, Carla"]
[Black "Guo, Emma"]
[Result "0-1"]
[WhiteElo "2152"]
[BlackElo "1920"]
[PlyCount "56"]
[EventDate "2009.10.22"]

1. e4 c5 2. Nf3 e6 3. d4 cxd4 4. Nxd4 a6 5. Nc3 b5 6. Bd3 Bb7 7. O-O Qc7 8. Qe2
Nc6 9. Nxc6 Qxc6 10. Bg5 Be7 11. Bxe7 Nxe7 12. a4 b4 13. Na2 Qb6 14. c3 bxc3
15. Nxc3 Ng6 16. a5 Qc5 17. Rfc1 Nf4 18. Qf3 Nxd3 19. Qxd3 Qg5 20. Rd1 Bc6 21.
Qd6 Qe7 22. Qe5 O-O 23. Na4 Rfd8 24. Nb6 Rab8 25. Ra3 Qb4 26. Qd4 Qb5 27. h4
Qh5 28. Rg3 g6 {ILEGIBLE} 0-1

[Event "JUNIOR WORLD CHESS CHAMPIONSHI"]
[Site "Puerto Madryn, Argentina"]
[Date "2009.10.26"]
[Round "6.15"]
[White "Anu, Bayar"]
[Black "Leks, Hanna"]
[Result "1-0"]
[WhiteElo "1876"]
[BlackElo "2169"]
[PlyCount "55"]
[EventDate "2009.10.22"]

1. d4 Nf6 2. c4 e6 3. Nf3 Bb4+ 4. Bd2 Qe7 5. Qc2 O-O 6. g3 b6 7. a3 Bxd2+ 8.
Nbxd2 Bb7 9. Bg2 d6 10. O-O Nbd7 11. e4 e5 12. d5 a5 13. b4 Nh5 14. Rfc1 g6 15.
Nh4 Bc8 16. Bh3 Nf4 17. Bf1 Nb8 18. Ndf3 Nh3+ 19. Kh1 Ng5 20. Nxg5 Qxg5 21. c5
bxc5 22. bxc5 Nd7 23. cxd6 cxd6 24. Qc6 Nc5 25. f3 Qe7 26. Qb6 Qd8 27. Qc6 Bb7
28. Qb5 1-0

[Event "JUNIOR WORLD CHESS CHAMPIONSHI"]
[Site "Puerto Madryn, Argentina"]
[Date "2009.10.26"]
[Round "6.17"]
[White "Motycakova, Monika"]
[Black "Martinez De Negri, M  Agustina"]
[Result "1-0"]
[WhiteElo "2038"]
[BlackElo "1945"]
[PlyCount "45"]
[EventDate "2009.10.22"]

1. e4 Nc6 2. Nf3 e5 3. Bb5 Bc5 4. c3 Nge7 5. O-O Bb6 6. h3 O-O 7. d4 exd4 8.
cxd4 d5 9. e5 Bf5 10. Nc3 f6 11. exf6 Rxf6 12. Bg5 Rg6 13. Re1 Qd6 14. Qb3 h6
15. Bxe7 Nxe7 16. Rxe7 Qxe7 17. Nxd5 Qf8 18. Nxb6+ Be6 19. d5 Bxh3 20. Nxa8
Rxg2+ 21. Kh1 Rxf2 22. d6+ Kh8 23. Nh4 1-0

[Event "JUNIOR WORLD CHESS CHAMPIONSHI"]
[Site "Puerto Madryn, Argentina"]
[Date "2009.10.26"]
[Round "6.18"]
[White "Ferreira, Susana Carolina G"]
[Black "Bucar, Natasa"]
[Result "1-0"]
[WhiteElo "1660"]
[BlackElo "1972"]
[PlyCount "53"]
[EventDate "2009.10.22"]

1. d4 Nf6 2. c4 g6 3. Nf3 Bg7 4. Bf4 O-O 5. e3 d5 6. Nc3 c5 7. cxd5 Nxd5 8. Be5
Nxc3 9. bxc3 Qa5 10. Qd2 f6 11. Bg3 Rd8 12. Bc4+ Kf8 13. O-O b5 14. Be2 Bb7 15.
Qb2 c4 16. a4 a6 17. axb5 Qxb5 18. Qa2 Bd5 19. Nd2 Rc8 20. e4 Bf7 21. Rab1 Qc6
22. d5 Qc5 23. Nxc4 Nd7 24. Rfc1 f5 25. Rb7 Be8 26. d6 e5 27. Bh4 1-0

[Event "JUNIOR WORLD CHESS CHAMPIONSHI"]
[Site "Puerto Madryn, Argentina"]
[Date "2009.10.26"]
[Round "6.19"]
[White "Olsarova, Tereza"]
[Black "Reginato, Sabrina"]
[Result "1-0"]
[WhiteElo "2150"]
[BlackElo "1880"]
[PlyCount "61"]
[EventDate "2009.10.22"]

1. e4 e6 2. d4 d5 3. e5 c5 4. c3 Bd7 5. Nf3 a6 6. a4 Qb6 7. Bd3 Nc6 8. Bc2 cxd4
9. cxd4 Bb4+ 10. Nc3 Nge7 11. O-O Rc8 12. Ne2 Na5 13. Ng3 h5 14. Nh4 Rxc2 15.
Qxc2 Qxd4 16. Nf3 Qb6 17. Be3 Qc6 18. Nd4 Qxc2 19. Nxc2 Nec6 20. Nxb4 Nxb4 21.
Bd2 Nbc6 22. Bxa5 Nxa5 23. f4 Nc4 24. Ne2 Ke7 25. Nd4 Rb8 26. b3 Na5 27. Kf2
Rc8 28. Rfc1 Bc6 29. Rc3 Kd7 30. b4 Nc4 31. b5 1-0

[Event "JUNIOR WORLD CHESS CHAMPIONSHI"]
[Site "Puerto Madryn, Argentina"]
[Date "2009.10.26"]
[Round "6.20"]
[White "Mendoza Velazquez, Lorena Alejand"]
[Black "Flores, Nancy"]
[Result "1-0"]
[WhiteElo "1973"]
[BlackElo "1927"]
[PlyCount "85"]
[EventDate "2009.10.22"]

1. c4 g6 2. g3 Bg7 3. Bg2 Nc6 4. Nc3 e5 5. Nf3 d6 6. O-O f5 7. d3 Nf6 8. Bg5 h6
9. Bxf6 Qxf6 10. Nd5 Qf7 11. Rb1 O-O 12. b4 Nd8 13. b5 c6 14. Nb4 cxb5 15. cxb5
Be6 16. Nd2 Kh8 17. a4 d5 18. f4 e4 19. e3 a5 20. bxa6 bxa6 21. d4 a5 22. Na2
Nc6 23. Nb3 Qf6 24. Kh1 g5 25. Nc5 Rab8 26. Qd2 g4 27. Rb5 h5 28. Rfb1 Ra8 29.
Nb7 h4 30. Nxa5 Nxa5 31. Rxa5 Qh6 32. Kg1 hxg3 33. hxg3 Bf6 34. Rxa8 Rxa8 35.
Nc3 Bd8 36. Kf2 Kg8 37. Qb2 Ba5 38. Nb5 Bd7 39. Qb3 Qc6 40. Rb2 Rb8 41. Rc2 Qb7
42. Rc5 Be6 43. Qc2 1-0

[Event "JUNIOR WORLD CHESS CHAMPIONSHI"]
[Site "Puerto Madryn, Argentina"]
[Date "2009.10.27"]
[Round "7.1"]
[White "Severiukhina, Zoja"]
[Black "Padmini, Rout"]
[Result "1-0"]
[WhiteElo "2339"]
[BlackElo "2331"]
[PlyCount "87"]
[EventDate "2009.10.22"]

1. e4 c5 2. Nf3 d6 3. c3 Nf6 4. Bd3 Nc6 5. Bc2 Bg4 6. d3 e6 7. Nbd2 Qc7 8. h3
Bh5 9. Qe2 Be7 10. Nf1 d5 11. g4 Bg6 12. h4 h5 13. g5 Ng4 14. Ng1 O-O-O 15. Bd2
c4 16. dxc4 dxe4 17. Ne3 Nce5 18. b3 Nxe3 19. Bxe3 Bc5 20. Nh3 Bf5 21. Bf4 Nf3+
22. Qxf3 exf3 23. Bxc7 Kxc7 24. Bxf5 exf5 25. O-O Bd6 26. Rfe1 Rhe8 27. Kf1 Be5
28. Re3 g6 29. Rae1 Kd6 30. c5+ Kd5 31. Rd1+ Kc6 32. Rxd8 Rxd8 33. Rxe5 Rd1+
34. Re1 Rd3 35. Re3 Rd1+ 36. Re1 Rd3 37. Rc1 Kxc5 38. Nf4 Rd2 39. a4 Kd6 40.
Ke1 Rb2 41. Rd1+ Kc6 42. b4 Ra2 43. Rd4 Rxa4 44. Kd2 1-0

[Event "JUNIOR WORLD CHESS CHAMPIONSHI"]
[Site "Puerto Madryn, Argentina"]
[Date "2009.10.27"]
[Round "7.5"]
[White "Kalinina, Olga"]
[Black "Paulet, Iozefina"]
[Result "0-1"]
[WhiteElo "2229"]
[BlackElo "2342"]
[PlyCount "42"]
[EventDate "2009.10.22"]

1. e4 e6 2. d4 d5 3. Nc3 Nf6 4. e5 Nfd7 5. f4 c5 6. Nf3 Nc6 7. Be2 cxd4 8. Nxd4
Ndxe5 9. Nxe6 Bxe6 10. fxe5 Bc5 11. Bf3 Nxe5 12. Bxd5 O-O 13. Bf4 Bg4 14. Qd2
Re8 15. Kf1 Qf6 16. h3 Rad8 17. Re1 Qa6+ 18. Ne2 Bxe2+ 19. Rxe2 Ng6 20. c4 Rxe2
21. Kxe2 Rxd5 0-1

[Event "JUNIOR WORLD CHESS CHAMPIONSHI"]
[Site "Puerto Madryn, Argentina"]
[Date "2009.10.27"]
[Round "7.7"]
[White "Hayrapetyan, Anna"]
[Black "Kiran, Manisha Mohanty"]
[Result "1/2-1/2"]
[WhiteElo "2212"]
[BlackElo "2153"]
[PlyCount "50"]
[EventDate "2009.10.22"]

1. e4 c5 2. Nf3 d6 3. d4 cxd4 4. Nxd4 Nf6 5. Nc3 a6 6. Bc4 e6 7. Bb3 Nc6 8. O-O
Be7 9. Be3 O-O 10. f4 Nxd4 11. Bxd4 b5 12. f5 b4 13. Na4 e5 14. Be3 Bb7 15. Nb6
Rb8 16. Nd5 Bxd5 17. Bxd5 Nxd5 18. exd5 Bg5 19. Bxg5 Qxg5 20. f6 g6 21. Qd3 a5
22. Rae1 Rfc8 23. Re4 Rc5 24. Rc4 e4 25. Rxe4 Rxd5 {ilegible} 1/2-1/2

[Event "JUNIOR WORLD CHESS CHAMPIONSHI"]
[Site "Puerto Madryn, Argentina"]
[Date "2009.10.27"]
[Round "7.11"]
[White "Fernandez, Maria Florencia"]
[Black "Daulyte, Deimante"]
[Result "0-1"]
[WhiteElo "2159"]
[BlackElo "2307"]
[PlyCount "68"]
[EventDate "2009.10.22"]

1. d4 Nf6 2. c4 g6 3. Nc3 Bg7 4. e4 d6 5. f3 O-O 6. Be3 c5 7. d5 a6 8. Qd2 Nbd7
9. Bd3 Ne5 10. Nge2 e6 11. a4 exd5 12. cxd5 Nfd7 13. O-O Rb8 14. Bg5 f6 15. Bh4
Nxd3 16. Qxd3 Ne5 17. Qc2 b5 18. axb5 axb5 19. b4 Bd7 20. Ra6 Nc4 21. Rfa1 cxb4
22. Na2 Qc8 23. Ra7 f5 24. e5 Bxe5 25. Rb1 Qc5+ 26. Bf2 Bxh2+ 27. Kxh2 Qxf2 28.
Rxd7 Ne3 29. Rg7+ Kxg7 30. Qb2+ Kg8 31. Nd4 Qxb2 32. Rxb2 Nxd5 33. Rd2 Rfc8 34.
Nb3 Ne3 0-1

[Event "JUNIOR WORLD CHESS CHAMPIONSHI"]
[Site "Puerto Madryn, Argentina"]
[Date "2009.10.27"]
[Round "7.13"]
[White "Congiu, Mathilde"]
[Black "Greeff, Melissa"]
[Result "1-0"]
[WhiteElo "2149"]
[BlackElo "2081"]
[PlyCount "73"]
[EventDate "2009.10.22"]

1. e4 c5 2. Nf3 d6 3. c3 Nf6 4. Be2 e6 5. O-O Nc6 6. d3 Be7 7. Re1 O-O 8. Bf1
a6 9. Nbd2 b5 10. a3 Bb7 11. g3 Rc8 12. Bg2 Qc7 13. h3 Rfd8 14. Nf1 a5 15. g4
a4 16. g5 Nd7 17. h4 Nb6 18. h5 d5 19. g6 d4 20. Bh3 Bf6 21. Ng5 Bxg5 22. Bxg5
Re8 23. gxf7+ Qxf7 24. Ng3 Rf8 25. Rf1 Rce8 26. f4 Nd7 27. f5 e5 28. f6 Nxf6
29. Bxf6 gxf6 30. Nf5 Kh8 31. Kh2 Rd8 32. Rg1 Bc8 33. Rg7 Qe8 34. h6 Rf7 35.
Qg4 Ne7 36. Rxf7 Nxf5 37. Rc7 1-0

[Event "JUNIOR WORLD CHESS CHAMPIONSHI"]
[Site "Puerto Madryn, Argentina"]
[Date "2009.10.27"]
[Round "7.14"]
[White "Colombo, Camila"]
[Black "Ferreira, Susana Carolina G"]
[Result "1-0"]
[WhiteElo "2129"]
[BlackElo "1660"]
[PlyCount "103"]
[EventDate "2009.10.22"]

1. d4 d5 2. c4 e6 3. Nf3 Nf6 4. Nc3 Be7 5. Bg5 O-O 6. e3 b6 7. Qc2 Bb7 8. cxd5
exd5 9. Be2 Nbd7 10. O-O c6 11. Rab1 Re8 12. b4 b5 13. a4 a6 14. a5 Nf8 15. Bd3
h6 16. Bh4 Ne6 17. Ne5 Qc7 18. Bg3 Bd6 19. Rfc1 Nh5 20. Nxf7 Nxg3 21. Nxd6 Qxd6
22. hxg3 Bc8 23. Ne2 Bd7 24. Bf5 Rac8 25. Bxe6+ Bxe6 26. Nf4 Bf7 27. Qc5 Qxc5
28. Rxc5 g5 29. Ne2 Bg6 30. Rd1 Bh5 31. Rd2 Re6 32. Kf1 Rf8 33. Kg1 Rff6 34.
Nc1 Bg6 35. Nb3 Re7 36. Rc3 g4 37. Rd1 Ref7 38. Rf1 Kf8 39. Nc5 Ra7 40. f3 h5
41. fxg4 Rxf1+ 42. Kxf1 hxg4 43. Ne6+ Ke8 44. Rxc6 Bd3+ 45. Ke1 Be4 46. Rxa6
Rxa6 47. Nc7+ Kd8 48. Nxa6 Kc8 49. Kf2 Bf5 50. Nc5 Kc7 51. e4 dxe4 52. Ke3 1-0

[Event "JUNIOR WORLD CHESS CHAMPIONSHI"]
[Site "Puerto Madryn, Argentina"]
[Date "2009.10.27"]
[Round "7.15"]
[White "Gomes, Mary Ann"]
[Black "Anu, Bayar"]
[Result "1-0"]
[WhiteElo "2396"]
[BlackElo "1876"]
[PlyCount "69"]
[EventDate "2009.10.22"]

1. Nf3 Nf6 2. g3 g6 3. Bg2 Bg7 4. O-O O-O 5. c4 d6 6. Nc3 Nc6 7. d3 e5 8. Rb1
Bg4 9. h3 Bf5 10. e4 Bc8 11. Be3 Ne7 12. Nh4 Ne8 13. f4 f5 14. Nf3 c6 15. c5
exf4 16. gxf4 fxe4 17. dxe4 Be6 18. cxd6 Nxd6 19. Bc5 Ndc8 20. Qxd8 Rxd8 21.
Ng5 Bc4 22. Rfd1 Re8 23. e5 h6 24. Nge4 Nf5 25. Rd7 b6 26. Bf2 Nce7 27. Nf6+
Bxf6 28. exf6 Be6 29. Rxe7 Nxe7 30. fxe7 Rxe7 31. Bxc6 Rc8 32. Bg2 Rc4 33. Nd5
Rf7 34. Re1 Bd7 35. Ne7+ 1-0